Postrehy a poznatky z autopsie severný Spiš a folklórne súbory

Bibliographic Details
Main Author: Švedlár, Juraj (Author)
Format: Article
Language:Slovak
PhysicalDescription:Fotogr.
ISSN:1335-4515
Subjects:

MARC

LEADER 00000nab a2200000 ar4500
001 vtls008949037
003 SK-MaSNL
005 20260303070519.0
008 070226c2006 xo mr|p|||||||000 b|slo
015 |a SNBRB2007/02  |2 snkbucl 
038 |a SNKBUCL 
040 |a SNKBUCL  |b slo  |c SNKBUCL  |e AACR2 
040 0 |a slo  |e AACR2 
041 0 |a slo 
044 |a xo  |c SK 
080 |a 398(437.6)  |2 2001 
080 |a 793.31(437.6)  |2 2001 
100 1 |a Švedlár, Juraj  |4 aut  |9 311812 
245 1 0 |a Postrehy a poznatky z autopsie  |b severný Spiš a folklórne súbory  |c Juraj Švedlár 
300 |b Fotogr. 
650 0 7 |a folklór  |2 snkbucl  |9 19213 
650 0 7 |a folklórne súbory  |2 snkbucl  |9 28685 
651 7 |a Spiš (Slovensko : región)  |2 snkbucl  |9 17692 
773 0 |t Národná osveta  |g Roč. XVI, č. 11 (2006), s. 24-25  |x 1335-4515 
852 |a SNK  |b KIS3GCP 
958 |a SK 
999 |c 1755729  |d 1757659